České menšinové školy na Chebsku
| Titel: | České menšinové školy na Chebsku |
|---|---|
| Verfasser: | |
| In: |
Muzeum Cheb: Sborník Chébskeho Muzea, (2000), Seite 139-150 alle Artikel anzeigen |
| Veröffentlicht: | 2000 [vyd. 2001] |
| Format: | Aufsatz |
| Sprache: | Tschechisch |
X
alg: 39308626 001A $01999:11-11-16 001B $01999:28-04-17 $t15:32:00.000 001C $06050:19-11-16 $t22:36:47.000 001D $01999:11-11-16 001U $0utf8 001X $00 002@ $0Aox 003@ $0393086267 007A $0393086267 $aHEB 007T $0Herdp24972 010@ $acze 011@ $a2000 $n2000 [vyd. 2001] 021A $aČeské menšinové školy na Chebsku 028A $aŠalátová $dMarkéta 031A $h139-150 $j2000 037A $aRés. něm. s. 150: Tschechische Minderheitsschulen im Egerland 039B $aIn $8--Abvc--Muzeum Cheb [Tb1]. Sborník Chébskeho Muzea. - Cheb : Muzeum, 1993-2006. - ISSN 1211-9210 $x200000000000000861 $9070513341 045T $a9,10 $a7,41 lok: 39308626 78 exp: 39308626 78 1 #EPN 201B/01 $026-11-20 $t22:55:01.000 201U/01 $0utf8 203@/01 $0789196581 208@/01 $a11-11-16 $be 209A/01 $a/ $f000 $x00 220C/01 $aHerkunft: Hú Av Čr Praha 244Z/01 $#Tschechien $#Tschechische Republik $#Tschechische Republik $#Tschechenland $#Tschechei Tschechien $#Česká Republika $#Czech Republic $#ČR $74303381-7 $8--Tg1--Tschechien $x01 $9086659812 244Z/01 $2Trx $#Böhmen $#Bohemia $#Czechy $8--Trx--Čechy $x02 $9391188941 244Z/01 $#Chebsko $74013600-0 $8--Tg1--Egerland $x03 $9085030007 244Z/01 $aGeschichte 1919-1936 $x04 244Z/01 $2Trx $#kooli olemus $#švietimas $#School system $#oktatás $#szkolnictwo $#školstvo $#školství $8--Trx--Schulwesen $x05 $9391362038 244Z/01 $2Trx $#vähemused, rahvuslikud $#tautinės mažumos $#minorities, national $#kisebbségek, nemzeti $#mniejszości narodowe $#menšiny národnostné $#menšiny národnostní $#Minderheiten, sprachliche $#menšiny, jazykové $8--Trx--Minderheiten, nationale $x06 $9391373978 244Z/01 $2Trx $#koolid $#mokyklos $#Schools $#iskolák $#szkoły $#školy $#školy $8--Trx--Schulen $x07 $9391368133 244Z/01 $2Trx $8--Trx--Zeitschriftenaufsatz $x08 $9391384341 247C/01 $82080>Marburg/Lahn, Herder-Institut, Forschungsbibliothek, Bibliographieportal $9336309341
| LEADER | 00000caa a22000002c 4500 | ||
|---|---|---|---|
| 001 | 393086267 | ||
| 003 | DE-603 | ||
| 005 | 20170428153200.0 | ||
| 007 | tu | ||
| 008 | 161111s2000 xx |||| | u00||u|cze c | ||
| 035 | |a (DE-599)HEB393086267 | ||
| 040 | |a DE-603 |b ger |c DE-603 |d DE-603 | ||
| 041 | |a cze | ||
| 084 | |a 9,10 |a 7,41 |2 ssgn | ||
| 100 | 1 | |a Šalátová, Markéta | |
| 245 | 0 | 0 | |a České menšinové školy na Chebsku |
| 264 | 0 | |c 2000 [vyd. 2001] | |
| 500 | |a Rés. něm. s. 150: Tschechische Minderheitsschulen im Egerland | ||
| 773 | 0 | 8 | |i In |a Muzeum Cheb |t Sborník Chébskeho Muzea |d Cheb : Muzeum, 1993-2006 |x 1211-9210 |g (2000), Seite 139-150 |w (DE-603)070513341 |w (DE-600)1353473-7 |
| 924 | 0 | |9 2080 |a (DE-603)789196581 |b DE-2080 |c HES |d d |g / | |


